Time structures : formal description and algorithmic representation

Αποθηκεύτηκε σε:
Λεπτομέρειες βιβλιογραφικής εγγραφής
Κύριος συγγραφέας: Hajnicz, Elzbieta
Μορφή: Βιβλίο
Γλώσσα:English
Δημοσίευση: Berlin : Springer, c1996.
Σειρά:Lecture notes in computer science. Lecture notes in artificial intelligence ; 1047
Θέματα:
Ετικέτες: Προσθήκη ετικέτας
Δεν υπάρχουν, Καταχωρήστε ετικέτα πρώτοι!

MARC

LEADER 00000cam a2200000 i 4500
001 1/1618
008 000417s1996 gw | ||| |||| ||eng||
020 |a 3540609415 
035 |l 10060086 
040 |a GR-MyUa  |b gre  |e AACR2 
041 0 |a eng 
082 7 |a 511.3   |2 (22) 
100 1 |a Hajnicz, Elzbieta. 
245 1 0 |a Time structures :   |b formal description and algorithmic representation /   |c Elzbieta Hajnicz. 
260 |a Berlin :   |b Springer,   |c c1996. 
300 |a ix, 244 σ. :   |b εικ. ;   |c 24 εκ. 
490 1 |a (Lecture notes in computer science. Lecture notes in artificial intelligence ;   |v 1047) 
504 |a Περιλαμβάνει βιβλιογραφικές παραπομπές. 
650 0 0 |a Computer algorithms. 
650 0 0 |a Time. 
650 0 0 |a Artificial intelligence. 
830 0 |a Lecture notes in computer science.   |p Lecture notes in artificial intelligence ;  |v 1047 
852 |a INST  |b SAMOS  |e 20000417  |h 511.3 HAJ  |p 005300017703  |q 005300017703  |t BK  |y 0 
901 |a BIBL3-2000-2 
922 |a 3ΕΛΗ  |b 200003  |c ΚΠΣ  |d ΠΑΠΑΣΩΤΗΡΙΟΥ 
950 |a 116-2000-01-12 
970 |a ΓΕΝΟΥΖΟΥ  |b ΧΡΥΣΑΝΘΗ  |z 2000/05/15